书目信息 |
| 题名: |
不打不骂教出好孩子
|
|
| 作者: | 骆玉香 主编 | |
| 分册: | ||
| 出版信息: | 北京 团结出版社 2018 |
|
| 页数: | 308页 | |
| 开本: | 24cm | |
| 丛书名: | ||
| 单 册: | ||
| 中图分类: | G780 | |
| 科图分类: | ||
| 主题词: | 家庭教育--教育方法 | |
| 电子资源: | ||
| ISBN: | 978-7-5126-6603-0 | |
| 000 | 00829nam0 2200229 450 | |
| 001 | 012001002780 | |
| 005 | 20131024093217.0 | |
| 010 | @a978-7-5126-6603-0@dCNY59.00 | |
| 100 | @a20190406d2018 em y0chiy50 ea | |
| 101 | 0 | @achi |
| 102 | @aCN@b110000 | |
| 105 | @ay z 000yy | |
| 106 | @ar | |
| 200 | 1 | @a不打不骂教出好孩子@9bu da bu ma jiao chu hao hai zi@f骆玉香主编 |
| 210 | @a北京@c团结出版社@d2018 | |
| 215 | @a308页@d24cm | |
| 330 | @a本书立足于当代中国的教育文化背景,收集了大量可资中国父母借鉴的东西方家庭教育案例并做出深入分析,介绍了国内外先进的家庭教育思想和最具成效的育儿方案,针对中国家庭教育中普遍存在的问题和误区,提出了科学的解决办法。 | |
| 606 | 0 | @a家庭教育@x教育方法 |
| 690 | @aG780@v5 | |
| 701 | 0 | @a骆玉香@9luo yu xiang@4主编 |
| 801 | 0 | @aCN@b江苏凤凰@c20191020 |
| 905 | @b1225379-81@dG780@e1123@f3 | |
| 不打不骂教出好孩子/骆玉香主编.-北京:团结出版社,2018 |
| 308页;24cm |
| ISBN 978-7-5126-6603-0:CNY59.00 |
| 本书立足于当代中国的教育文化背景,收集了大量可资中国父母借鉴的东西方家庭教育案例并做出深入分析,介绍了国内外先进的家庭教育思想和最具成效的育儿方案,针对中国家庭教育中普遍存在的问题和误区,提出了科学的解决办法。 |
| ● |
| 相关链接 |
|
|
|
|
正题名:不打不骂教出好孩子
索取号:G780/1123
 
预约/预借
| 序号 | 登录号 | 条形码 | 馆藏地/架位号 | 状态 | 备注 |
| 1 | 1225379 | 212253791 | 第一样本阅览室/ [索取号:G780/1123] | 在馆 | |
| 2 | 1225380 | 212253808 | 第四借阅区/ [索取号:G780/1123] | 在馆 | |
| 3 | 1225381 | 212253817 | 教育系资料室/ [索取号:G780/1123] | 在馆 |